Sealants in construction (Record no. 468331)

MARC details
000 -LEADER
fixed length control field 00572nam a2200205Ia 4500
008 - FIXED-LENGTH DATA ELEMENTS--GENERAL INFORMATION
fixed length control field 210417s9999 xx 000 0 und d
020 ## - INTERNATIONAL STANDARD BOOK NUMBER
International Standard Book Number 9781574447170
-- 1574447173
082 ## - DEWEY DECIMAL CLASSIFICATION NUMBER
Classification number 624.1899 KLO
Item number 22.624.1899 KLO
245 #0 - TITLE STATEMENT
Title Sealants in construction
Statement of responsibility, etc. Sealants in construction
250 ## - EDITION STATEMENT
Edition statement Second edition.
Remainder of edition statement "xvii, 406 pages : illustrations ; 26 cm. ; hbk"
260 ## - PUBLICATION, DISTRIBUTION, ETC.
Place of publication, distribution, etc. Boca Raton
Name of publisher, distributor, etc. CRC Press
Date of publication, distribution, etc. 2016
700 ## - ADDED ENTRY--PERSONAL NAME
Personal name "Klosowski, Jerome M"
Numeration "Jerome Klosowski, Andreas T. Wolf."
Holdings
Withdrawn status Lost status Source of classification or shelving scheme Damaged status Not for loan Home library Current library Shelving location Date acquired Total Checkouts Full call number Barcode Date last seen Price effective from Koha item type
    Dewey Decimal Classification     Anna Centenary Library Anna Centenary Library 6TH FLOOR, A WING 17.04.2021   624.1899 KLO 584980 09.02.2026 17.04.2021 Books

Find us on the map